000
00305nam a2200121Ia 4500
008
190216s9999||||xx |||||||||||||| ||und||
100
_a
John P P
245
2
_a
A Handbook Of Essential English Grammar
260
_b
Publications Division
_c
1997
300
_a
278p
650
_a
English Grammar
942
_c
BK
999
_c
14142
_d
14142